[Event "CAN-ch w"]
[Site "Scarborough CAN"]
[Date "1989.09.17"]
[Round "3"]
[White "Das, Urmila"]
[Black "Mongeau, Diane"]
[Result "1-0"]
[WhiteElo "1813"]
[BlackElo "1903"]
[PlyCount "83"]
[GameId "2160767912502429"]
[EventDate "1989.09.15"]
[EventType "tourn"]
[EventRounds "10"]
[EventCountry "CAN"]
[SourceTitle "CFC 1989.12"]

1. e4 c6 2. Nc3 d5 3. Nf3 dxe4 4. Nxe4 Nf6 5. Nxf6+ gxf6 6. h3 Bf5 7. d4 Qc7 8. g3 e6 9. Qe2 Nd7 10. Bg2 O-O-O 11. Be3 Nb6 12. Nh4 Bg6 13. O-O Nd5 14. c4 Nxe3 15. Qxe3 b6 16. d5 Bc5 17. Qf3 f5 18. a3 Bd4 19. dxe6 fxe6 20. Qe2 Qe5 21. Rfe1 Qxe2 22. Rxe2 Rd6 23. Nf3 c5 24. Rae1 Bh5 25. Nxd4 cxd4 26. Rxe6 Rxe6 27. Rxe6 Rd8 28. Re1 d3 29. f3 Be8 30. Rd1 d2 31. b3 b5 32. Bf1 bxc4 33. Bxc4 Kc7 34. Kf2 a5 35. Ke2 a4 36. Rxd2 Rxd2+ 37. Kxd2 axb3 38. Bxb3 Bc6 39. Bd1 Kd6 40. Ke3 Ke5 41. f4+ Kd5 42. Bf3+ 1-0

[Event "CAN-ch w"]
[Site "Scarborough CAN"]
[Date "1989.09.17"]
[Round "3"]
[White "Vujosevic, Smilja"]
[Black "Palamarek, Dianna"]
[Result "1/2-1/2"]
[WhiteElo "1956"]
[BlackElo "1860"]
[PlyCount "95"]
[GameId "2160767912502430"]
[EventDate "1989.09.15"]
[EventType "tourn"]
[EventRounds "10"]
[EventCountry "CAN"]
[SourceTitle "CFC 1989.12"]

1. c4 c6 2. g3 d5 3. b3 dxc4 4. bxc4 Qd4 5. Nc3 Qxc4 6. Bg2 Nf6 7. Nf3 Nbd7 8. O-O e5 9. Bb2 Bd6 10. d3 Qe6 11. Ng5 Qe7 12. Nge4 Nxe4 13. Nxe4 Bc7 14. a4 Nf6 15. Nxf6+ Qxf6 16. Qc2 O-O 17. a5 Bd7 18. h4 Rfc8 19. Bc3 b5 20. axb6 Bxb6 21. Qb2 Re8 22. Rac1 Rac8 23. Qa3 c5 24. Ba1 Qe6 25. Qb2 c4 26. dxc4 Rxc4 27. Rxc4 Qxc4 28. e3 f6 29. Rd1 Be6 30. Qa3 Qc5 31. Qa4 Qc8 32. Bb2 Rd8 33. Rc1 Qd7 34. Qa3 Rc8 35. Re1 Qd2 36. Rf1 Kf7 37. Bc1 Qc3 38. Qxc3 Rxc3 39. Bd2 Rc2 40. Bb4 Rc4 41. Rb1 Rc8 42. Ra1 Rd8 43. Bf3 Bd5 44. Kg2 Bxf3+ 45. Kxf3 Ra8 46. Ba5 Bxa5 47. Rxa5 a6 48. g4 1/2-1/2

[Event "CAN-ch w"]
[Site "Scarborough CAN"]
[Date "1989.09.18"]
[Round "4"]
[White "Baltgailis, Vesma"]
[Black "Vujosevic, Smilja"]
[Result "0-1"]
[WhiteElo "1984"]
[BlackElo "1956"]
[PlyCount "112"]
[GameId "2160767912502431"]
[EventDate "1989.09.15"]
[EventType "tourn"]
[EventRounds "10"]
[EventCountry "CAN"]
[SourceTitle "CFC 1989.12"]

1. c4 c6 2. Nf3 Nf6 3. g3 d5 4. b3 Bg4 5. Bb2 e6 6. Bg2 Be7 7. d3 Nbd7 8. O-O O-O 9. h3 Bh5 10. g4 Bg6 11. Nh4 Ne8 12. Nxg6 hxg6 13. Nc3 f5 14. gxf5 gxf5 15. e3 Nef6 16. Ne2 Bd6 17. cxd5 exd5 18. Nd4 Qe8 19. Nxf5 Be5 20. d4 Bc7 21. Ba3 Rf7 22. Nd6 Bxd6 23. Bxd6 Qe6 24. Bf4 Nf8 25. b4 a6 26. a4 Ng6 27. Bg3 Ne4 28. b5 axb5 29. axb5 Rxa1 30. Qxa1 Nxg3 31. fxg3 Qxe3+ 32. Kh2 Rxf1 33. Bxf1 Ne7 34. Qa8+ Kh7 35. Qe8 Nf5 36. Qh5+ Nh6 37. bxc6 bxc6 38. Qe5 Qxe5 39. dxe5 Kg6 40. Bd3+ Kf7 41. Ba6 Ke6 42. Bb7 c5 43. g4 Kxe5 44. Kg3 c4 45. Ba6 Kd4 46. Bb5 c3 47. Ba4 Kd3 48. Kf4 d4 49. Kg5 c2 50. Bxc2+ Kxc2 51. Kg6 d3 52. g5 d2 53. h4 d1=Q 54. h5 Qg4 55. Kxg7 Qxg5+ 56. Kh7 Nf5 0-1

[Event "CAN-ch w"]
[Site "Scarborough CAN"]
[Date "1989.09.18"]
[Round "4"]
[White "Palamarek, Dianna"]
[Black "Das, Urmila"]
[Result "1/2-1/2"]
[WhiteElo "1850"]
[BlackElo "1813"]
[PlyCount "51"]
[GameId "2160767912502432"]
[EventDate "1989.09.15"]
[EventType "tourn"]
[EventRounds "10"]
[EventCountry "CAN"]
[SourceTitle "CFC 1989.12"]

1. e4 e6 2. d4 d5 3. Nd2 Nc6 4. Ngf3 e5 5. dxe5 dxe4 6. Nxe4 Qxd1+ 7. Kxd1 Bg4 8. Be2 O-O-O+ 9. Bd2 Bxf3 10. Bxf3 Nxe5 11. Be2 Bb4 12. c3 Ba5 13. Kc2 Ne7 14. Rad1 f5 15. Ng3 Bb6 16. Bg5 Rxd1 17. Rxd1 N5c6 18. Bb5 Bxf2 19. Bxc6 Nxc6 20. Nxf5 g6 21. Ne7+ Nxe7 22. Bxe7 Re8 23. Bg5 Bc5 24. h3 Re2+ 25. Rd2 Rxd2+ 26. Kxd2 1/2-1/2

[Event "CAN-ch w"]
[Site "Scarborough CAN"]
[Date "1989.09.18"]
[Round "4"]
[White "Starr (Shterenberg), Nava"]
[Black "Mongeau, Diane"]
[Result "1-0"]
[WhiteElo "2193"]
[BlackElo "1903"]
[PlyCount "67"]
[GameId "2160767912502433"]
[EventDate "1989.09.15"]
[EventType "tourn"]
[EventRounds "10"]
[EventCountry "CAN"]
[SourceTitle "CFC 1989.12"]

1. e4 c6 2. d4 d5 3. exd5 cxd5 4. Bd3 Nc6 5. c3 Nf6 6. Bf4 Bg4 7. Qb3 Na5 8. Qa4+ Bd7 9. Qc2 Qb6 10. Nd2 Bb5 11. Ngf3 Bxd3 12. Qxd3 e6 13. O-O Be7 14. b4 Nc6 15. a4 Qd8 16. a5 O-O 17. Nb3 Bd6 18. Bg5 h6 19. Bh4 e5 20. dxe5 Bxe5 21. b5 Bd6 22. bxc6 bxc6 23. Qd4 g5 24. Bg3 Bxg3 25. hxg3 Re8 26. Nc5 Ne4 27. Rfe1 Nd6 28. Rxe8+ Nxe8 29. Qe5 Qd6 30. Qxd6 Nxd6 31. Nd4 Kg7 32. Rb1 Rc8 33. a6 Rc7 34. Rb7 1-0

[Event "CAN-ch w"]
[Site "Scarborough CAN"]
[Date "1989.09.19"]
[Round "5"]
[White "Das, Urmila"]
[Black "Baltgailis, Vesma"]
[Result "0-1"]
[WhiteElo "1813"]
[BlackElo "1984"]
[PlyCount "107"]
[GameId "2160767912502434"]
[EventDate "1989.09.15"]
[EventType "tourn"]
[EventRounds "10"]
[EventCountry "CAN"]
[SourceTitle "CFC 1989.12"]

1. e4 c5 2. Nf3 g6 3. d4 Bg7 4. Nc3 Qa5 5. Be2 Nc6 6. Be3 Nf6 7. Qd2 cxd4 8. Nxd4 Nxe4 9. Nxc6 Qxc3 10. bxc3 Nxd2 11. Bxd2 bxc6 12. O-O O-O 13. Rab1 d5 14. c4 Ba6 15. Bb4 Rfe8 16. Rfe1 Rab8 17. a3 h5 18. Bc5 Ra8 19. Bd3 e5 20. cxd5 Bxd3 21. cxd3 cxd5 22. d4 a6 23. dxe5 Rxe5 24. Rxe5 Bxe5 25. h3 Rc8 26. Bb4 Rc2 27. Rd1 Ra2 28. f4 Ra1 29. Rxa1 Bxa1 30. Kf2 Bd4+ 31. Kf3 f6 32. g4 hxg4+ 33. hxg4 f5 34. gxf5 gxf5 35. Bd6 Kf7 36. Ke2 Ke6 37. Bb4 Bb6 38. Kd3 Kd7 39. a4 Kc6 40. Ba3 Bc5 41. Bb2 Bd6 42. Bc1 Bc7 43. Kd4 Bb6+ 44. Ke5 d4 45. Kxf5 Kd5 46. Bd2 d3 47. Kg4 Ke4 48. f5 Be3 49. Bc3 d2 50. Bxd2 Bxd2 51. f6 Bb4 52. Kg5 Ke5 53. f7 Bf8 54. Kg6 0-1

[Event "CAN-ch w"]
[Site "Scarborough CAN"]
[Date "1989.09.19"]
[Round "5"]
[White "Mongeau, Diane"]
[Black "Palamarek, Dianna"]
[Result "0-1"]
[WhiteElo "1903"]
[BlackElo "1850"]
[PlyCount "122"]
[GameId "2160767912502435"]
[EventDate "1989.09.15"]
[EventType "tourn"]
[EventRounds "10"]
[EventCountry "CAN"]
[SourceTitle "CFC 1989.12"]

1. c4 c6 2. e4 d5 3. exd5 cxd5 4. d4 e6 5. Nc3 Nf6 6. Nf3 Be7 7. Bg5 Nc6 8. c5 O-O 9. Bb5 Ne4 10. Bxe7 Qxe7 11. Ne2 Bd7 12. Bxc6 bxc6 13. O-O f6 14. b4 e5 15. Re1 Bg4 16. Qd3 Bxf3 17. Qxf3 Nd2 18. Qc3 Nc4 19. Nc1 a5 20. Nd3 e4 21. bxa5 Rxa5 22. Nb2 Ra3 23. Qc1 Nxb2 24. Qxb2 Rfa8 25. Re3 Qa7 26. Rxa3 Qxa3 27. Qb7 Qa4 28. g3 Ra7 29. Qb2 h6 30. a3 Ra5 31. Qc3 Rb5 32. Qe3 Rb3 33. Qc1 Rd3 34. Qb2 Rxd4 35. Kg2 Rc4 36. Qb8+ Kh7 37. Qf4 Qa8 38. a4 e3 39. Qxe3 Rxa4 40. Rxa4 Qxa4 41. f3 Qc4 42. g4 Qa2+ 43. Kg3 Qa7 44. h4 Qd7 45. Kf2 Kg8 46. h5 Kf8 47. Kg3 d4 48. Qc1 d3 49. Kf2 d2 50. Qd1 Qd3 51. f4 Ke7 52. f5 Kd7 53. Kg2 Kc7 54. Kf2 Kb7 55. Kg2 Ka6 56. Qa4+ Kb7 57. Qb4+ Kc8 58. Qa5 d1=Q 59. Qa8+ Kd7 60. Qb7+ Kd8 61. Qa8+ Ke7 0-1

[Event "CAN-ch w"]
[Site "Scarborough CAN"]
[Date "1989.09.19"]
[Round "5"]
[White "Vujosevic, Smilja"]
[Black "Starr (Shterenberg), Nava"]
[Result "1-0"]
[WhiteElo "1956"]
[BlackElo "2193"]
[PlyCount "67"]
[GameId "2160767912502436"]
[EventDate "1989.09.15"]
[EventType "tourn"]
[EventRounds "10"]
[EventCountry "CAN"]

1. c4 e5 2. Nc3 f5 3. d4 exd4 4. Qxd4 Nc6 5. Qe3+ Be7 6. Nd5 d6 7. g3 Ne5 8. b3 Nf6 9. Nxe7 Qxe7 10. Bg2 O-O 11. Nf3 Nfg4 12. Qd2 f4 13. O-O fxg3 14. fxg3 Kh8 15. Bb2 Nxf3+ 16. exf3 Nf6 17. Rae1 Qf7 18. Bxf6 Qxf6 19. f4 a6 20. Re3 Rb8 21. Rfe1 Bd7 22. c5 Rbd8 23. cxd6 Bf5 24. Qc3 Qxd6 25. Bxb7 Qb6 26. Bg2 Rd3 27. Qe5 h6 28. h3 Bg6 29. Kh2 Rf5 30. Qe6 Rd6 31. Qc4 Rc5 32. Re8+ Bxe8 33. Rxe8+ Kh7 34. Be4+ 1-0

[Event "CAN-ch w"]
[Site "Scarborough CAN"]
[Date "1989.09.20"]
[Round "6"]
[White "Das, Urmila"]
[Black "Vujosevic, Smilja"]
[Result "1/2-1/2"]
[WhiteElo "1813"]
[BlackElo "1956"]
[PlyCount "99"]
[GameId "2160767912502437"]
[EventDate "1989.09.15"]
[EventType "tourn"]
[EventRounds "10"]
[EventCountry "CAN"]
[SourceTitle "CFC 1989.12"]

1. e4 c5 2. Ne2 e6 3. Nbc3 Nc6 4. g3 a6 5. Bg2 Nf6 6. d3 Be7 7. Be3 d6 8. O-O O-O 9. h3 d5 10. d4 cxd4 11. Nxd4 Nxd4 12. Bxd4 dxe4 13. Nxe4 Nxe4 14. Bxe4 Bf6 15. Bc5 Re8 16. c3 Qc7 17. Qd6 Qxd6 18. Bxd6 g6 19. Rad1 a5 20. Rd3 Ra6 21. Rfd1 b5 22. R1d2 h5 23. Kg2 Kg7 24. Bc5 b4 25. Bd4 Bxd4 26. Rxd4 bxc3 27. bxc3 Ra7 28. Bc6 Ree7 29. c4 Rec7 30. Bb5 a4 31. Rc2 Ra5 32. Rcd2 Ba6 33. Bxa6 Rxa6 34. Rc2 Ra5 35. c5 Rcxc5 36. Rxc5 Rxc5 37. Rxa4 Rc1 38. Ra7 Ra1 39. h4 Kf6 40. f3 Rb1 41. a4 Rb2+ 42. Kh3 Ra2 43. g4 Ra3 44. g5+ Kg7 45. Kg3 Ra1 46. a5 e5 47. a6 Ra4 48. Re7 Rxa6 49. Rxe5 f6 50. Re7+ 1/2-1/2

[Event "CAN-ch w"]
[Site "Scarborough CAN"]
[Date "1989.09.20"]
[Round "6"]
[White "Mongeau, Diane"]
[Black "Baltgailis, Vesma"]
[Result "0-1"]
[WhiteElo "1903"]
[BlackElo "1984"]
[PlyCount "122"]
[GameId "2160767912502438"]
[EventDate "1989.09.15"]
[EventType "tourn"]
[EventRounds "10"]
[EventCountry "CAN"]
[SourceTitle "CFC 1989.12"]

1. d4 Nf6 2. Nc3 g6 3. e4 d6 4. g3 Bg7 5. Bg2 O-O 6. Nge2 c5 7. dxc5 Qa5 8. cxd6 Rd8 9. O-O Rxd6 10. Qe1 Nc6 11. a3 Be6 12. Bf4 Rd7 13. Rd1 Rxd1 14. Qxd1 Bc4 15. Re1 Rd8 16. Qc1 Ng4 17. h3 Nf6 18. Be3 e5 19. b3 Bxe2 20. Nxe2 Nd4 21. Bxd4 exd4 22. Rd1 Ne8 23. Rd3 Qa6 24. c4 b5 25. cxb5 Qxb5 26. Qc4 Qb6 27. b4 Nc7 28. f4 Ne6 29. e5 a5 30. b5 Bf8 31. Qc6 Qa7 32. Qb7 Qxb7 33. Bxb7 Nc5 34. Rxd4 Rxd4 35. Nxd4 Nxb7 36. Nc2 h5 37. Kg2 Bc5 38. Kf3 f6 39. Ke4 f5+ 40. Kd5 Bf2 41. Kc6 Nc5 42. b6 Kf7 43. Kb5 Nd7 44. b7 Nb8 45. Kxa5 Bxg3 46. Nb4 Bxf4 47. Nd3 Be3 48. Kb5 f4 49. Ne1 g5 50. Kc4 Ke6 51. Kd3 g4 52. Ke2 Kxe5 53. a4 Kd6 54. hxg4 hxg4 55. Ng2 Bc1 56. Kf2 Ke5 57. Ne1 Ke4 58. Kg2 Ke3 59. Nc2+ Kd3 60. Nb4+ Ke2 61. Nd5 f3+ 0-1

[Event "CAN-ch w"]
[Site "Scarborough CAN"]
[Date "1989.09.20"]
[Round "6"]
[White "Starr (Shterenberg), Nava"]
[Black "Palamarek, Dianna"]
[Result "1-0"]
[WhiteElo "2193"]
[BlackElo "1850"]
[PlyCount "57"]
[GameId "2160767912502439"]
[EventDate "1989.09.15"]
[EventType "tourn"]
[EventRounds "10"]
[EventCountry "CAN"]
[SourceTitle "CFC 1989.12"]

1. e4 e5 2. d4 exd4 3. Bc4 Nf6 4. Nf3 Nxe4 5. Qxd4 Nf6 6. Nc3 Be7 7. Bg5 Nc6 8. Qe3 O-O 9. h3 Re8 10. O-O-O d6 11. Rhe1 Bd7 12. Kb1 Na5 13. Bd3 Be6 14. Qf4 Nc6 15. g4 Qd7 16. Qg3 d5 17. Qh4 h6 18. Bxh6 Ne4 19. Bg5 Nxg5 20. Nxg5 Bxg5 21. Qxg5 Nb4 22. Bb5 Nc6 23. f4 f6 24. Qh4 d4 25. Bd3 Kf8 26. Qh8+ Bg8 27. Bc4 Ne7 28. Re4 c6 29. Rexd4 1-0

[Event "CAN-ch w"]
[Site "Scarborough CAN"]
[Date "1989.09.21"]
[Round "7"]
[White "Baltgailis, Vesma"]
[Black "Palamarek, Dianna"]
[Result "1/2-1/2"]
[WhiteElo "1984"]
[BlackElo "1850"]
[PlyCount "115"]
[GameId "2160767912502440"]
[EventDate "1989.09.15"]
[EventType "tourn"]
[EventRounds "10"]
[EventCountry "CAN"]
[SourceTitle "CFC 1989.12"]

1. c4 c6 2. Nf3 d5 3. b3 Nf6 4. g3 Bg4 5. Bg2 e6 6. Bb2 Nbd7 7. O-O Bd6 8. d3 O-O 9. Nc3 Qe7 10. Qc2 Ba3 11. Bc1 e5 12. e3 Rfe8 13. cxd5 Nxd5 14. Nxd5 cxd5 15. Bxa3 Qxa3 16. h3 Rac8 17. Qd2 Bxf3 18. Bxf3 Nf6 19. Rfc1 e4 20. dxe4 dxe4 21. Rxc8 Rxc8 22. Bg2 Qc5 23. Rd1 h6 24. Qd4 Qc2 25. Qa1 Qc5 26. Qb1 Qc2 27. Qa1 Qc5 28. Rd4 Qc2 29. b4 Rc4 30. Rd8+ Kh7 31. Qe5 Qc3 32. Qb8 Qe1+ 33. Kh2 Qxf2 34. Rh8+ Kg6 35. g4 Rc2 36. Qg3 Qxg3+ 37. Kxg3 h5 38. g5 Kxg5 39. h4+ Kf5 40. Bh3+ Ke5 41. Rb8 Rc7 42. Rd8 Rc3 43. Kf2 Rc2+ 44. Kg3 Rxa2 45. Rb8 b6 46. Rb7 Rb2 47. Rxa7 Rxb4 48. Rxf7 Rb3 49. Re7+ Kd6 50. Re6+ Kc5 51. Re5+ Kb4 52. Kf4 Rc3 53. Rg5 Rc7 54. Bf1 Kc3 55. Be2 Rf7 56. Rb5 Rc7 57. Rg5 Rf7 58. Rb5 1/2-1/2

[Event "CAN-ch w"]
[Site "Scarborough CAN"]
[Date "1989.09.21"]
[Round "7"]
[White "Das, Urmila"]
[Black "Starr (Shterenberg), Nava"]
[Result "0-1"]
[WhiteElo "1813"]
[BlackElo "2193"]
[PlyCount "116"]
[GameId "2160767912502441"]
[EventDate "1989.09.15"]
[EventType "tourn"]
[EventRounds "10"]
[EventCountry "CAN"]
[SourceTitle "CFC 1989.12"]

1. e4 e5 2. Nf3 Nf6 3. Nxe5 d6 4. Nf3 Nxe4 5. d3 Nf6 6. d4 Be7 7. Be2 O-O 8. O-O Bg4 9. h3 Bh5 10. Bf4 Re8 11. Nbd2 Nc6 12. c3 Bf8 13. Re1 Ne4 14. Nxe4 Rxe4 15. Qd2 Qd7 16. Ng5 Rxe2 17. Rxe2 Bxe2 18. Qxe2 h6 19. Nf3 Qf5 20. Qd2 Re8 21. Re1 Rxe1+ 22. Nxe1 Qb1 23. b3 Ne7 24. Kh2 Nd5 25. Bg3 Qa1 26. c4 Nc3 27. a4 Be7 28. f3 Bg5 29. Qc2 Bf6 30. d5 Nd1 31. Qe2 Kf8 32. Nc2 Qb1 33. Ne3 Nxe3 34. Qxe3 b6 35. Be1 Qb2 36. f4 Bd4 37. Qd2 Qa1 38. Bf2 Bf6 39. Qd3 Qc1 40. Be3 Qb2 41. Bd2 h5 42. a5 h4 43. axb6 axb6 44. Be1 Qa1 45. Bd2 Qd1 46. Qe3 Qc2 47. Be1 Qb2 48. Bf2 g6 49. Kg1 Bc3 50. Kh2 Bf6 51. Kh1 Qc2 52. Kh2 Qd1 53. Bg1 Qc2 54. Bf2 Qf5 55. Qf3 g5 56. fxg5 Be5+ 57. Kh1 Qb1+ 58. Bg1 Bd4 0-1

[Event "CAN-ch w"]
[Site "Scarborough CAN"]
[Date "1989.09.21"]
[Round "7"]
[White "Vujosevic, Smilja"]
[Black "Mongeau, Diane"]
[Result "1-0"]
[WhiteElo "1956"]
[BlackElo "1903"]
[PlyCount "133"]
[GameId "2160767912502442"]
[EventDate "1989.09.15"]
[EventType "tourn"]
[EventRounds "10"]
[EventCountry "CAN"]
[SourceTitle "CFC 1989.12"]

1. c4 c6 2. g3 d5 3. Qc2 e5 4. d3 Be6 5. b3 Bd6 6. Bb2 d4 7. Bg2 Qc7 8. Nd2 c5 9. Ngf3 f5 10. O-O Nf6 11. Rae1 Nc6 12. e3 Nb4 13. Qb1 Kd7 14. a3 Nxd3 15. Qxd3 e4 16. Qb1 exf3 17. Nxf3 dxe3 18. Rxe3 Ne4 19. Qd1 Ke7 20. Nd2 Rhe8 21. Nxe4 fxe4 22. Rxe4 Kf8 23. Rfe1 Bf7 24. Qg4 Bg6 25. Rxe8+ Rxe8 26. Rxe8+ Kxe8 27. Qe6+ Qe7 28. Qxe7+ Bxe7 29. Bxb7 Bc2 30. Bc6+ Kf8 31. Ba4 g6 32. h4 g5 33. hxg5 Bxg5 34. f4 Be7 35. Kf2 Kf7 36. Be5 Bf6 37. Bb8 a6 38. Ba7 Be7 39. Ke3 Kf6 40. Kd2 Bf5 41. Bc6 Kg6 42. Bf3 Bc8 43. Bb6 Kf7 44. Be4 h6 45. Ba5 h5 46. b4 h4 47. gxh4 cxb4 48. axb4 Bxh4 49. b5 axb5 50. cxb5 Be7 51. b6 Bd6 52. Ke3 Bb8 53. b7 Be6 54. Bc3 Ke7 55. Be5 Ba7+ 56. Kf3 Kf7 57. b8=Q Bxb8 58. Bxb8 Kf6 59. Be5+ Kf7 60. f5 Bb3 61. Kf4 Bc4 62. Bf3 Bb3 63. Kg5 Bc4 64. Bc3 Bb3 65. Bh5+ Kf8 66. Kf6 Bc4 67. Bf3 1-0

[Event "CAN-ch w"]
[Site "Scarborough CAN"]
[Date "1989.09.22"]
[Round "8"]
[White "Mongeau, Diane"]
[Black "Das, Urmila"]
[Result "1-0"]
[WhiteElo "1903"]
[BlackElo "1813"]
[PlyCount "63"]
[GameId "2160767912502443"]
[EventDate "1989.09.15"]
[EventType "tourn"]
[EventRounds "10"]
[EventCountry "CAN"]
[SourceTitle "CFC 1989.12"]

1. d4 Nf6 2. c4 e6 3. Nc3 d5 4. Bg5 Be7 5. e3 O-O 6. Qc2 h6 7. Bxf6 Bxf6 8. Nf3 c6 9. cxd5 exd5 10. Bd3 Nd7 11. b4 a6 12. a4 Be7 13. Rb1 Nf6 14. h3 Bd7 15. O-O Rc8 16. Qb3 Be6 17. Qb2 Qd6 18. Rfc1 Rc7 19. b5 cxb5 20. axb5 Rfc8 21. bxa6 bxa6 22. Ne2 Rxc1+ 23. Nxc1 a5 24. Nb3 Qb4 25. Qa2 Qc3 26. Ne5 Rb8 27. Nxa5 Ra8 28. Nac6 Rxa2 29. Rb8+ Bf8 30. Ne7+ Kh8 31. Rxf8+ Ng8 32. Rxg8# 1-0

[Event "CAN-ch w"]
[Site "Scarborough CAN"]
[Date "1989.09.22"]
[Round "8"]
[White "Palamarek, Dianna"]
[Black "Vujosevic, Smilja"]
[Result "1/2-1/2"]
[WhiteElo "1850"]
[BlackElo "1956"]
[PlyCount "162"]
[GameId "2160767912502444"]
[EventDate "1989.09.15"]
[EventType "tourn"]
[EventRounds "10"]
[EventCountry "CAN"]
[SourceTitle "CFC 1989.12"]

1. e4 c5 2. Nf3 e6 3. d4 cxd4 4. Nxd4 a6 5. Bd3 Qc7 6. O-O g6 7. Be3 Bg7 8. c3 Ne7 9. Qc1 O-O 10. Bh6 d5 11. Bxg7 Kxg7 12. f4 dxe4 13. Bxe4 Nbc6 14. Nxc6 Nxc6 15. Nd2 Bd7 16. Nf3 Rad8 17. Kh1 Bc8 18. Qe3 Ne7 19. Rad1 b6 20. Kg1 Rd6 21. Nd4 Rfd8 22. Bf3 Kg8 23. Nb3 Rxd1 24. Rxd1 Rxd1+ 25. Bxd1 Nf5 26. Qd2 Bb7 27. Nd4 Qd6 28. Nf3 Qc5+ 29. Kh1 Bd5 30. b4 Qc4 31. Be2 Qxa2 32. Qxa2 Bxa2 33. Bxa6 Ne3 34. Bb7 Bd5 35. Bxd5 Nxd5 36. g3 Nxc3 37. Ne5 Nd5 38. Nc4 Nxb4 39. Nxb6 h5 40. Nc4 Kg7 41. Kg2 Nd5 42. Kf3 Kf6 43. h4 Ne7 44. Ke4 Nc6 45. Ne3 e5 46. fxe5+ Nxe5 47. Kf4 Nd3+ 48. Ke4 Nc5+ 49. Kf3 Ke5 50. g4 hxg4+ 51. Kxg4 Ne4 52. Ng2 Nf6+ 53. Kg5 Nd5 54. Kg4 f6 55. Kf3 Kf5 56. Kg3 Ke4 57. Ne1 Ne3 58. Kh3 f5 59. Kg3 f4+ 60. Kf2 Nf5 61. Nf3 Nd4 62. Nh2 Kf5 63. Kg2 Ke4 64. Kf2 f3 65. Ng4 Kf4 66. Ne3 Nf5 67. Nxf5 gxf5 68. h5 Kg5 69. Kxf3 Kxh5 70. Kf4 Kg6 71. Kf3 Kg5 72. Kg3 f4+ 73. Kf3 Kf5 74. Kf2 Ke5 75. Kf3 Kf5 76. Kf2 Ke4 77. Ke2 Kd5 78. Kf3 Ke5 79. Kf2 Ke4 80. Ke2 f3+ 81. Kf2 Kf4 1/2-1/2

[Event "CAN-ch w"]
[Site "Scarborough CAN"]
[Date "1989.09.22"]
[Round "8"]
[White "Starr (Shterenberg), Nava"]
[Black "Baltgailis, Vesma"]
[Result "1-0"]
[WhiteElo "2193"]
[BlackElo "1984"]
[PlyCount "83"]
[GameId "2160767912502445"]
[EventDate "1989.09.15"]
[EventType "tourn"]
[EventRounds "10"]
[EventCountry "CAN"]
[SourceTitle "CFC 1989.12"]

1. e4 g6 2. d4 Bg7 3. Nf3 c5 4. c3 cxd4 5. cxd4 d5 6. e5 Bg4 7. Nc3 Nc6 8. Be3 Nh6 9. Qb3 Bxf3 10. gxf3 e6 11. Qxb7 Rc8 12. Bb5 Qc7 13. Bxc6+ Qxc6 14. Qxc6+ Rxc6 15. Ke2 O-O 16. Rhc1 Nf5 17. Kd3 Rfc8 18. b3 Bf8 19. Ne2 Ba3 20. Rxc6 Rxc6 21. Bc1 Be7 22. a3 Bd8 23. Bd2 Rc8 24. Rc1 Rb8 25. b4 Kg7 26. Rc2 h6 27. Nc1 Bb6 28. Nb3 a5 29. bxa5 Bd8 30. Bb4 Ra8 31. Rc6 Ne7 32. Rd6 Nf5 33. Rd7 Bh4 34. Ke2 Bg5 35. Bc5 Rb8 36. Bb6 Be7 37. a4 Bb4 38. Rd8 Rb7 39. a6 Rxb6 40. a7 Be7 41. Rb8 Rc6 42. a8=Q 1-0

[Event "CAN-ch w"]
[Site "Scarborough CAN"]
[Date "1989.09.23"]
[Round "9"]
[White "Das, Urmila"]
[Black "Palamarek, Dianna"]
[Result "1/2-1/2"]
[WhiteElo "1813"]
[BlackElo "1850"]
[PlyCount "54"]
[GameId "2160767912502446"]
[EventDate "1989.09.15"]
[EventType "tourn"]
[EventRounds "10"]
[EventCountry "CAN"]
[SourceTitle "CFC 1989.12"]

1. e4 e5 2. Nf3 Nc6 3. Bc4 Bc5 4. b4 Bxb4 5. c3 Ba5 6. O-O Bb6 7. d4 d6 8. Ng5 Nh6 9. Qb3 O-O 10. Re1 Na5 11. Qa4 Nxc4 12. Qxc4 Ng4 13. h3 Nf6 14. dxe5 dxe5 15. Ba3 c5 16. Qe2 h6 17. Nf3 Qe7 18. c4 Bd7 19. Nc3 Ba5 20. Bb2 Bxc3 21. Bxc3 Rfe8 22. Bxe5 Bc6 23. Bxf6 Qxf6 24. Nd2 Qd4 25. Rad1 b6 26. Qg4 Bd7 27. Qe2 Bc6 1/2-1/2

[Event "CAN-ch w"]
[Site "Scarborough CAN"]
[Date "1989.09.23"]
[Round "9"]
[White "Mongeau, Diane"]
[Black "Starr (Shterenberg), Nava"]
[Result "0-1"]
[WhiteElo "1903"]
[BlackElo "2193"]
[PlyCount "78"]
[GameId "2160767912502447"]
[EventDate "1989.09.15"]
[EventType "tourn"]
[EventRounds "10"]
[EventCountry "CAN"]
[SourceTitle "CFC 1989.12"]

1. d4 Nf6 2. Nc3 d5 3. Bg5 Nbd7 4. f3 c5 5. dxc5 Qa5 6. Nh3 e5 7. Bd2 Qxc5 8. e3 Be7 9. Nf2 O-O 10. Bd3 a6 11. e4 Nb6 12. exd5 Nbxd5 13. Nfe4 Nxc3 14. Nxc3 Bd7 15. Qe2 Rfe8 16. Ne4 Qb6 17. Nxf6+ Bxf6 18. Qe4 g6 19. Qb4 Qxb4 20. Bxb4 e4 21. Bxe4 Bxb2 22. Rb1 f5 23. Rxb2 fxe4 24. fxe4 Rxe4+ 25. Kf2 a5 26. Bd6 Rd4 27. Ba3 Bc6 28. Re1 Rd2+ 29. Re2 Rxe2+ 30. Kxe2 Bxg2 31. Rb5 Re8+ 32. Kf2 Be4 33. c3 a4 34. Bd6 Rd8 35. Bf4 Rd3 36. Ra5 Rf3+ 37. Ke2 Rxf4 38. Kd2 Bc6 39. a3 Rf2+ 0-1

[Event "CAN-ch w"]
[Site "Scarborough CAN"]
[Date "1989.09.23"]
[Round "9"]
[White "Vujosevic, Smilja"]
[Black "Baltgailis, Vesma"]
[Result "0-1"]
[WhiteElo "1956"]
[BlackElo "1984"]
[PlyCount "136"]
[GameId "2160767912502448"]
[EventDate "1989.09.15"]
[EventType "tourn"]
[EventRounds "10"]
[EventCountry "CAN"]
[SourceTitle "CFC 1989.12"]

1. c4 c5 2. Nc3 g6 3. g3 Bg7 4. Bg2 Nc6 5. Nf3 e6 6. Ne4 d5 7. cxd5 exd5 8. Nxc5 Nge7 9. O-O O-O 10. d3 d4 11. Nb3 h6 12. Nbd2 Bf5 13. Qb3 Qd7 14. h4 b6 15. a3 Na5 16. Qd1 Nd5 17. Re1 Rfe8 18. Nf1 Qb5 19. b4 Nc3 20. Qc2 Rac8 21. Qb2 Na4 22. Qb1 Nc6 23. Bf4 Rxe2 24. Rxe2 Bxd3 25. Rc2 Bxc2 26. Qxc2 d3 27. Qd1 Nc3 28. Qe1 Ne2+ 29. Kh1 Re8 30. Be3 Ncd4 31. Ra2 Nc2 32. Qd2 Qc4 33. Bf4 Nxf4 34. gxf4 Re2 35. Qd1 Qxa2 36. Qxd3 Nxa3 37. h5 Rxf2 38. Ne3 Qb1+ 39. Qxb1 Nxb1 40. hxg6 fxg6 41. Nd5 Rb2 42. Ne7+ Kf7 43. Nc6 Bc3 44. Nxa7 Rxb4 45. Nc8 Nd2 46. Ne5+ Bxe5 47. fxe5 Ke6 48. Nd6 Kxe5 49. Nf7+ Kf6 50. Nd6 Rh4+ 51. Kg1 Ke6 52. Nb5 Nc4 53. Kf2 Rh2 54. Kg3 Rxg2+ 55. Kxg2 Kd5 56. Nc7+ Kc6 57. Ne6 b5 58. Nf4 Ne5 59. Kf2 Kc5 60. Ke3 Kc4 61. Ke4 g5 62. Ng2 Nc6 63. Ne3+ Kc3 64. Kf5 Kd3 65. Ng4 b4 66. Nxh6 b3 67. Ng4 b2 68. Nf2+ Kc2 0-1

[Event "CAN-ch w"]
[Site "Scarborough CAN"]
[Date "1989.09.24"]
[Round "10"]
[White "Baltgailis, Vesma"]
[Black "Das, Urmila"]
[Result "0-1"]
[WhiteElo "1984"]
[BlackElo "1813"]
[PlyCount "120"]
[GameId "2160767912502449"]
[EventDate "1989.09.15"]
[EventType "tourn"]
[EventRounds "10"]
[EventCountry "CAN"]
[SourceTitle "CFC 1989.12"]

1. c4 e6 2. Nf3 Nf6 3. g3 d5 4. b3 Be7 5. Bg2 O-O 6. O-O Nbd7 7. Bb2 Rb8 8. e3 dxc4 9. bxc4 Nb6 10. Qe2 Bd7 11. Nc3 c5 12. d4 cxd4 13. exd4 Bc6 14. Rfd1 Qc7 15. Rac1 Bxf3 16. Bxf3 Qxc4 17. Qe5 Qb4 18. Rb1 Rfd8 19. a3 Qd6 20. Qe2 a6 21. Bc1 Nbd5 22. Ne4 Nxe4 23. Bxe4 Nc3 24. Qd3 Nxb1 25. Bxh7+ Kf8 26. Bf4 Qxa3 27. Qxb1 Bd6 28. Bg5 Rd7 29. Qe4 Be7 30. Be3 Rbd8 31. Kg2 Qb3 32. Qf3 Bf6 33. Rb1 Qc3 34. Be4 Bxd4 35. Bxd4 Qxf3+ 36. Bxf3 Rxd4 37. Rxb7 a5 38. Ra7 Ra4 39. h4 Ra2 40. h5 Rdd2 41. Bc6 Rxf2+ 42. Kh3 Kg8 43. Kg4 Kh7 44. Kg5 Rf5+ 45. Kg4 Kh6 46. Be8 Raf2 47. Bxf7 Rxf7 48. Rxa5 R7f5 49. Ra6 Rg5+ 50. Kh3 Rxh5+ 51. Kg4 Rg5+ 52. Kh3 Rf6 53. g4 e5 54. Ra3 e4 55. Kh4 Kg6 56. Rc3 Re5 57. Re3 Rd6 58. Ra3 e3 59. g5 e2 60. Re3 Rxe3 0-1